Japanese Dialects - Statistics

General Stats
  • This quiz has been taken 60 times
  • The average score is 4 of 14
Answer Stats
Answer % Correct
Kansai
89%
Kantō
62%
Tōhoku
55%
Shikoku
47%
Chūgoku
32%
Kagoshima
19%
Hokuriku
15%
Hōnichi
11%
Hachijō
6%
Umpaku
6%
Hichiku
4%
Tōkai–Tōsan
4%
Coastal Hokkaidō
2%
Inland Hokkaidō
2%
No matching quizzes found
Score Distribution
Percent of People with Each Score
Percentile by Number Answered
Your Score History
You have not taken this quiz